1042 1850 1349 1094 1377 1080 1294 1494 1650 1711 1517 1941 1920 1846 1528 1901 1541 1708 1075 1112 1953 1400 1217 1999 1578 1089 1811 1374 1532 1721 1212 1630 1372 1643 1138 1901 1948 1337 1194 1031 1045 1868 1150 1587 1462 1742 1930 1427 1708 1749 1826 1938 1950 1939 1611 1916 1090 1513 1024 1923 1408 1160 1035 1640 1658 1590 1037 1256 1802 1130 1164 1070 1828 1497 1684 1339 1084 1430 1087 1863 1458 1228 1980 1483 1680 1194 1659 1100 1848 1339 1016 1624 1178 1219 1123 1010 1534 1077 1724 BCNSPRNW ULIB Ver.6.0+V

เปลี่ยนเป็นภาษาไทย

Change to English
 แสดงรายละเอียดบรรณานุกรม
  กลับหน้าหลัก

Brief Record : Get Marc (ISO 2709) : E-mail record : QR code < ปิดหน้าต่าง
LEADER : 00000nam 2200000uu 4500
001    13399123653
003     ULIB
008    141103s2556||||th 000 0 tha d
020    ^a9786163353061
060  4 ^aWC505^bป418ร
100    ^aประเสริฐ ทองเจริญ
245    ^aระบาดบันลือโลก 21 : โคโรน่าไวรัส /^cประเสริฐ ทองเจริญ
246 0  World-Sharking Outbreak
250    ^aพิมพ์ครั้งที่ 1
260    ^aกรุงเทพฯ :^bอักษรสมัย(๑๙๙๙),^c2556
300    ^a174หน้า;^b18.5 ซม.
650    ^aโคโรน่าไวรัส
650    ^aโรคซาร์ส
945    ^p160^l0^i036512
945    ^p160^l0^i036513
945    ^p160^l0^i036514
945    ^p160^l0^i036515
945    ^p160^l0^i036516
999    ^aเกษร โพธิ์สุวรรณ
รายการนี้ยังไม่มีแท็ก
คุณยังไม่ได้ล็อกอิน คุณสามารถมีกิจกรรมร่วมกับเว็บไซต์ได้ แต่ต้องล็อกอินก่อน ::
  ล็อกอิน

รายการสื่อสารสนเทศ

ลำดับที่ ประเภท เลขเรียก/บาร์โค้ด สถานที่ สถานะ
1. วิทยาศาสตร์การแพทย์ และสุขภาพ
หนังสือสำรอง
สถานะ=หนังสือสำรอง
WC505 ป418ร ฉ.1 
  Barcode: 036512
ห้องสมุดวิทยาเขตสวรรค์ประชารักษ์
►ส่วนจัดเก็บหนังสือเก่า สปร
บนชั้น
  ขอยืม
2. วิทยาศาสตร์การแพทย์ และสุขภาพ
วิทยาศาสตร์การแพทย์ และสุขภาพ
WC505 ป418ร ฉ.2 
  Barcode: 036513
ห้องสมุดวิทยาเขตสวรรค์ประชารักษ์
►ส่วนจัดเก็บหนังสือเก่า สปร
บนชั้น
  ขอยืม
3. วิทยาศาสตร์การแพทย์ และสุขภาพ
วิทยาศาสตร์การแพทย์ และสุขภาพ
WC505 ป418ร ฉ.3 
  Barcode: 036514
ห้องสมุดวิทยาเขตสวรรค์ประชารักษ์
►ส่วนจัดเก็บหนังสือเก่า สปร
บนชั้น
  ขอยืม
4. วิทยาศาสตร์การแพทย์ และสุขภาพ
วิทยาศาสตร์การแพทย์ และสุขภาพ
WC505 ป418ร ฉ.4 
  Barcode: 036515
ห้องสมุดวิทยาเขตสวรรค์ประชารักษ์
►ส่วนจัดเก็บหนังสือเก่า สปร
บนชั้น
  ขอยืม
5. วิทยาศาสตร์การแพทย์ และสุขภาพ
วิทยาศาสตร์การแพทย์ และสุขภาพ
WC505 ป418ร ฉ.5 
  Barcode: 036516
ห้องสมุดวิทยาเขตสวรรค์ประชารักษ์
►ส่วนจัดเก็บหนังสือเก่า สปร
บนชั้น
  ขอยืม

รายการใกล้เคียง
    ผู้แต่ง [ประเสริฐ ทองเจริญ]

    หัวเรื่อง [โคโรน่าไวรัส]
    หัวเรื่อง [โรคซาร์ส]

BibComment


ยังไม่เคยถูกคอมเมนท์

คอมเมนท์ทรัพยากรรายการนี้
  คอมเมนท์: ระบาดบันลือโลก 2..


 Copyright 2026. Bcnsprnw @Library